| 000 | 007710000a22002410004500 | ||
|---|---|---|---|
| 005 | 20191224042158.0 | ||
| 008 | 170206b xxu||||| |||| 00| 0 spa d | ||
| 040 |
_aCO-BoIAVH _cCO-BoIAVH |
||
| 041 | _aspa | ||
| 090 |
_aMM _b00126 |
||
| 100 | 1 |
_aGonzález Quiceno, Diego H. _978732 |
|
| 110 | 1 |
_aNEOTROPICO - Servicios Ambientales _978733 |
|
| 245 | 1 | 0 | _aLegislación ambiental colombiana |
| 257 | _aColombia | ||
| 264 | _aColombia | ||
| 300 |
_bCD-ROM _a1 |
||
| 500 | _aRequerimientos del sistema: Windows 95, 98/2000 Netscape o Internet Explorer | ||
| 650 | 1 | 4 |
_aLegislación ambiental _992309 |
| 650 | 1 | 4 |
_aNormas ambientales _94152 |
| 650 | 1 | 4 |
_aConvenios internacionales _93879 |
| 650 | 1 | 4 |
_aCódigo nacional de recursos naturales _978736 |
| 942 |
_cCD-ROM _2z |
||
| 999 |
_c16502 _d16502 |
||